Tự lực văn đoàn Con người và văn chương

Đánh giá lại những đóng góp của Tự lực văn đoàn đối với văn học thời kỳ 1932 - 1940 nói riêng cũng như đối với nền văn học hiện đại nói chung. Phần phụ lục giới thiệu một số ý kiến khác nhau về Tự lực văn đoàn của các nhà phê bình, nhà văn, nhà thơ trong và ngoài nước từ trước tới nay...

Celý popis

Uloženo v:
Podrobná bibliografie
Hlavní autor: Phan Cự Đệ
Médium: Kniha
Jazyk:Vietnamese
Vydáno: H. Văn học 1990
Edice:Văn học hiện đại Việt Nam
Témata:
Tagy: Přidat tag
Žádné tagy, Buďte první, kdo otaguje tento záznam!
Thư viện lưu trữ: Mạng thư viện Đại học Đà Nẵng
LEADER 01510nam a22003498a 4500
001 000015850
003 12234
005 20120605150643.0
008 120605s1990 b 000 0 vieod
020 |c 15000 
041 0 |a vie 
082 |a 895.922  |b TƯL 
084 |a V5(1)1-4  |b T550L 
100 0 |a Phan Cự Đệ 
245 1 0 |a Tự lực văn đoàn  |b Con người và văn chương  |c Phan Cự Đệ sưu tầm và giới thiệu 
260 |a H.  |b Văn học  |c 1990 
300 |a 246tr  |c 19cm 
490 |a Văn học hiện đại Việt Nam 
520 |a Đánh giá lại những đóng góp của Tự lực văn đoàn đối với văn học thời kỳ 1932 - 1940 nói riêng cũng như đối với nền văn học hiện đại nói chung. Phần phụ lục giới thiệu một số ý kiến khác nhau về Tự lực văn đoàn của các nhà phê bình, nhà văn, nhà thơ trong và ngoài nước từ trước tới nay 
653 |a Văn học hiện đại 
653 |a tự lực văn đoàn 
653 |a Việt Nam 
OWN |a LSP 
AVA |a UDN50  |b LSP  |d 895.922 TƯL  |e available  |t Error 5001 Not defined in file expand_doc_bib_avail.  |f 1  |g 0  |h N  |i 0  |k 1 
999 |a From the UDN01 
AVA |a UDN50  |b LSP  |d 895.922 TƯL  |e available  |t Error 5001 Not defined in file expand_doc_bib_avail.  |f 1  |g 0  |h N  |i 0  |k 1 
TYP |a Monograph 
TYP |a Printed language 
980 |a Mạng thư viện Đại học Đà Nẵng